000 00331 a2200145 4500
001 155711
040 _cEscola São Tomás de Aquino
240 1 0 _aO Novo Testamento
_lpor
245 1 0 _aO Novo Testamento
300 _a313
362 0 _a2002
440 1 _aSociedade Bíblica do Brasil
697 _aNovo Testamento
942 _cBK
999 _c155711
_d155711